000 00384nam a22001337a 4500
008 140217b xxu||||| |||| 00| 0 eng d
020 _a0-905422-02-2
050 _aBR65.H8A6 1897
100 _aCuming J. geoffrey
_98665
245 _aHippolytus
_ba text for students
_cGeoffrey J. Cuming
260 _aBramcote
_bGrove Books
_c1987
300 _a32p.
_c22cm.
942 _2lcc
_cMONOGRAPH
999 _c120061
_d120061